[Event "Treviso op-B 4th"]
[Site "Treviso"]
[Date "2023.04.02"]
[Round "4"]
[White "Santoni, Federico"]
[Black "Buqa, Brajan"]
[Result "1/2-1/2"]
[WhiteElo "1592"]
[BlackElo "1646"]
[PlyCount "86"]
[EventDate "2023.03.31"]
[EventType "swiss"]
[EventRounds "5"]
[EventCountry "ITA"]
[SourceTitle "EXT 2024"]
[Source "ChessBase"]
[SourceDate "2023.10.10"]
[SourceVersion "1"]
[SourceVersionDate "2023.10.10"]
[SourceQuality "1"]

1. e4 c5 2. Nf3 d6 3. d4 cxd4 4. Nxd4 Nf6 5. Nc3 a6 6. Bg5 e6 7. f4 Be7 8. Qf3 Qc7 9. 0-0-0 Nbd7 10. g4 h6 11. Bxf6 Bxf6 12. h4 Bxd4 13. Rxd4 b5 14. Qd1 Ke7 15. Bg2 Rb8 16. Re1 b4 17. Na4 Nc5 18. e5 d5 19. Nxc5 Qxc5 20. f5 Bb7 21. Qd2 a5 22. f6+ gxf6 23. exf6+ Kxf6 24. Qf4+ Ke7 25. Rf1 Rhf8 26. Rd2 Rbc8 27. Qxh6 Ba6 28. Re1 d4 29. Qg5+ Qxg5 30. hxg5 d3 31. Bf1 Rfd8 32. Re3 Rc5 33. Bxd3 Bxd3 34. Rexd3 Rxd3 35. Rxd3 Rxg5 36. Rd4 Kf6 37. Rf4+ Ke7 38. Kd2 Rd5+ 39. Ke3 Rc5 40. Kd3 f6 41. a3 bxa3 42. bxa3 Rd5+ 43. Kc4 Re5 1/2-1/2